Μέθοδοι και Τεχνικές Έρευνας στις Επιστήμες της Αγωγής / Ποσοτικές και Ποιοτικές Προσεγγίσεις (Record no. 6122)
[ view plain ]
| 000 -LEADER | |
|---|---|
| fixed length control field | 01738cam a22002054a 4500 |
| 005 - ΗΜΕΡΟΜΗΝΙΑ ΚΑΙ ΩΡΑ ΤΕΛΕΥΤΑΙΑΣ ΕΝΗΜΕΡΩΣΗΣ | |
| Πεδίο ελέγχου | 20250605164233.0 |
| 008 - FIXED-LENGTH DATA ELEMENTS--GENERAL INFORMATION | |
| Πεδίο ελέγχου σταθερού μήκους | 250528s ||||||||||||||||||||||||d |
| 035 ## - SYSTEM CONTROL NUMBER | |
| System control number | 21051 |
| 020 ## - ISBN | |
| ISBN | 9789608969209 |
| 040 ## - ΠΗΓΗ ΚΑΤΑΛΟΓΟΓΡΑΦΗΣΗΣ | |
| Φορέας πρωτότυπης καταλογογράφησης | MC Athens Campus Library |
| Γλώσσα καταλογογράφησης | Ελληνικά, Μοντέρνα (1453-) |
| Modifying agency | MC Athens Campus Library |
| Κανόνες περιγραφικής καταλογογράφησης | AACR2 |
| 245 1# - ΤΙΤΛΟΣ ΚΑΙ ΔΗΛΩΣΗ ΥΠΕΥΘΥΝΟΤΗΤΑΣ | |
| Τίτλος | Μέθοδοι και Τεχνικές Έρευνας στις Επιστήμες της Αγωγής / Ποσοτικές και Ποιοτικές Προσεγγίσεις |
| 250 ## - EDITION STATEMENT | |
| Edition statement | 2η |
| 260 ## - PUBLICATION, DISTRIBUTION, ETC. | |
| Name of publisher, distributor, etc. | Εφύρα, |
| Date of publication, distribution, etc. | 2007 |
| 300 ## - PHYSICAL DESCRIPTION | |
| Extent | 440 |
| 520 ## - SUMMARY, ETC. | |
| Summary, etc. | Πρόλογος, Εισαγωγή, Βασικοί Προβληματισμοί για την Επιστημονική Έρευνα, Είδη Επιστημονικής Έρευνας, Σχεδιασμός και Οργάνωση της Ποσοτικής Έρευνας, Οι Υποθέσεις της Έρευνας, Διερεύνηση και Αξιοποίηση της Βιβλιογραφίας, Θεωρία και Έρευνα, Διεξαγωγή της Έρευνας, Το Δείγμα της Έρευνας, Μέσα Συλλογής του Ερευνητικού Υλικού, Το Ερωτηματολόγιο, Η Συνέντευξη, Η Παρατήρηση, Ευρήματα της Ποσοτικής Έρευνας και η Συγγραφή της, Ποιοτικές Έρευνες: Ιστορική Έρευνα, Έρευνα Δράσης, Ανάλυση Περιεχομένου, Μελέτη Περιπτώσεων, Η Βιογραφική Μέθοδος, Παραρτήματα, Βιβλιογραφία, Πίνακας Ονομάτων, Πίνακας Κυρίων Όρων. |
| 700 1# - ΠΡΟΣΘΕΤΗ ΑΝΑΓΡΑΦΗ--ΦΥΣΙΚΟ ΠΡΟΣΩΠΟ | |
| Personal name | Αθανασίου Λεωνίδας |
| 9 (RLIN) | 7082 |
| 942 ## - ADDED ENTRY ELEMENTS (KOHA) | |
| Koha item type | Books |
| Τύπος τεκμηρίου | Βιβλιοθήκη | Τρέχουσα τοποθεσία | Barcode | Αριθμός εισαγωγής | Ημερομηνία απόκτησης | Ταξιθετικό σύμβολο | Αριθμός αντιτύπου | Κατάσταση απόσυρσης | Κατάσταση χαμένου | Κατάσταση κατεστραμμένου | Μη δανεισμός | Σύνολο δανεισμών | Ημερομηνία τελευταίας εμφάνισης | Η τιμή ισχύει από |
|---|---|---|---|---|---|---|---|---|---|---|---|---|---|---|
| Books | MC Athens Campus Library | MC Athens Campus Library | 9780000061218 | 7060 | 05/06/2025 | 370.72 ATH | 1 | 05/06/2025 | 05/06/2025 |